Economics for Engineers/ (Record no. 96572)

MARC details
000 -LEADER
fixed length control field 00658nam a22002177a 4500
005 - DATE AND TIME OF LATEST TRANSACTION
control field 20250409152214.0
010 ## - LCCN (DPL NO)
LC control number ENG-113960 ENG-144601
020 ## - INTERNATIONAL STANDARD BOOK NUMBER
Terms of availability 195.00
International Standard Book Number 9789325960077
035 ## - SYSTEM CONTROL NUMBER
System control number EN-97492
035 ## - SYSTEM CONTROL NUMBER
System control number EN-128133
037 ## - SOURCE OF ACQUISITION
Source of stock number/acquisition DBAD
Stock number dpl
082 ## - DEWEY DECIMAL CLASSIFICATION NUMBER
Classification number 330.02462
100 ## - MAIN ENTRY--PERSONAL NAME
Personal name Bhatia, H.L.
245 ## - TITLE STATEMENT
Title Economics for Engineers/
Statement of responsibility, etc by H. L. Bhatia [and] S. N. Maheshwari
260 ## - PUBLICATION, DISTRIBUTION, ETC. (IMPRINT)
Place of publication, distribution, etc Noida
Name of publisher, distributor, etc Vikas Publishing House
Date of publication, distribution, etc 2013
270 ## - ADDRESS
Address E-28, Sector-8
City Noida
Postal code 201301
300 ## - PHYSICAL DESCRIPTION
Extent x,251p.
Dimensions 22cm(pbk)
490 ## - SERIES STATEMENT
Series statement Vikas-WBUT students' series
700 ## - ADDED ENTRY--PERSONAL NAME
Personal name Maheshwari, S.N
9 (RLIN) 80545
942 ## - ADDED ENTRY ELEMENTS (KOHA)
Source of classification or shelving scheme Dewey Decimal Classification
Item type English Books
Call number suffix BHA
Classification part 330.02462
Holdings
Withdrawn status Lost status Not for loan Collection code Home library Current library Date acquired Source of acquisition Cost, normal purchase price Full call number Barcode Copy number Cost, replacement price Koha item type
    Not For Loan Non-fiction D.B.Act.Division D.B.Act.Division 31/08/2015 DBAD/PUB 195.00 330.02462 BHA EN-97492 1 195.00 English Books
      Non-fiction Patel Nagar Patel Nagar 09/04/2025 Delivery of Books Act Division 195.00 BHA 330.02462 EN-128133 1 195.00 English Books

© Delhi Public Library
Hit Counter
free hit counter